Flags Difficulty: Easy - Statistics

General Stats
  • This quiz has been taken 56 times
  • The average score is 15 of 16
Answer Stats
Picture Answer % Correct
Argentina
100%
Brazil
100%
Canada
100%
France
100%
Japan
100%
Spain
100%
Sweden
97%
Switzerland
97%
Turkey
97%
United States
97%
Jamaica
94%
Netherlands
94%
Portugal
94%
South Korea
94%
Croatia
88%
Somalia
70%
No matching quizzes found
Score Distribution
Percent of People with Each Score
Percentile by Number Answered
Your Score History
You have not taken this quiz